[Event "Tula Region-ch"]
[Site "Tula"]
[Date "2014.03.15"]
[Round "5"]
[White "Starkov, Boris I"]
[Black "Stukalov, Alexander"]
[Result "0-1"]
[WhiteElo "2217"]
[BlackElo "2219"]
[PlyCount "106"]
[EventDate "2014.03.11"]
[EventType "swiss"]
[EventRounds "9"]
[EventCountry "RUS"]
[SourceTitle "CBM 159 Extra"]
[Source "ChessBase"]
[SourceDate "2014.04.24"]
[SourceVersion "1"]
[SourceVersionDate "2014.04.24"]
[SourceQuality "1"]

1. d4 d6 2. Bg5 h6 3. Bh4 Nd7 4. Nf3 Ngf6 5. Nbd2 e5 6. e4 Be7 7. c3 0-0 8. dxe5 Nxe5 9. Nxe5 dxe5 10. Bc4 c6 11. a4 Bg4 12. Qc2 Nh5 13. h3 Bd7 14. Bxe7 Qxe7 15. g3 Be6 16. Qb3 Bxc4 17. Nxc4 Rfd8 18. 0-0 Qe6 19. Kh2 Rd7 20. Rad1 Rad8 21. Rxd7 Rxd7 22. Qb4 Nf6 23. Re1 Nh7 24. h4 Nf6 25. a5 b5 26. Ne3 g6 27. Kg2 Kg7 28. Re2 h5 29. a6 Qd6 30. Qxd6 Rxd6 31. Nc2 c5 32. Na3 b4 33. Nc4 Rxa6 34. Nxe5 bxc3 35. bxc3 Ra3 36. Nc6 a5 37. e5 Ng4 38. c4 a4 39. f3 Ne3+ 40. Kf2 Nd1+ 41. Ke1 Ra1 42. e6 fxe6 43. Rxe6 Ne3+ 44. Kd2 Nxc4+ 45. Kd3 Rc1 46. Nd8 a3 47. Ra6 Nb2+ 48. Ke2 Rc2+ 49. Kf1 Nc4 50. Ne6+ Kf7 51. Nxc5 a2 52. Nb3 Nd2+ 53. Nxd2 Rxd2 0-1

[Event "Tula Region-ch"]
[Site "Tula"]
[Date "2014.03.11"]
[Round "1"]
[White "Starkov, Boris I"]
[Black "Avetisyan, Kristina"]
[Result "1-0"]
[WhiteElo "2217"]
[BlackElo "1754"]
[PlyCount "69"]
[EventDate "2014.03.11"]
[EventType "swiss"]
[EventRounds "9"]
[EventCountry "RUS"]
[SourceTitle "CBM 159 Extra"]
[Source "ChessBase"]
[SourceDate "2014.04.24"]
[SourceVersion "1"]
[SourceVersionDate "2014.04.24"]
[SourceQuality "1"]

1. d4 Nf6 2. Nf3 c5 3. d5 d6 4. Nc3 g6 5. e4 Nbd7 6. Be2 Bg7 7. 0-0 0-0 8. h3 a6 9. a4 Qc7 10. Bf4 Nh5 11. Bg5 Re8 12. e5 Nxe5 13. Nxe5 Bxe5 14. Bxh5 gxh5 15. Qxh5 Bf5 16. f4 Bd4+ 17. Kh1 Bxc2 18. f5 Qb6 19. Bxe7 Qxb2 20. Qg5+ Kh8 21. Bf6+ Bxf6 22. Qxf6+ Kg8 23. Qg5+ Kh8 24. Qd2 Qb3 25. Rac1 Be4 26. Rf4 Bxg2+ 27. Qxg2 Rg8 28. Rg4 b5 29. Qg3 b4 30. Rxg8+ Rxg8 31. Qxd6 c4 32. Qe5+ Rg7 33. Rg1 Qxc3 34. Qe8+ Rg8 35. Qxg8# 1-0

[Event "Russia Central-ch"]
[Site "Pushchino"]
[Date "2013.03.21"]
[Round "6"]
[White "Starkov, Boris I"]
[Black "Pecheritsa, Vitaly"]
[Result "0-1"]
[WhiteElo "2257"]
[BlackElo "2316"]
[PlyCount "120"]
[EventDate "2013.03.16"]
[EventType "swiss"]
[EventRounds "9"]
[EventCountry "RUS"]
[SourceTitle "EXT 2014"]
[Source "ChessBase"]
[SourceDate "2013.11.20"]
[SourceVersion "1"]
[SourceVersionDate "2013.11.20"]
[SourceQuality "1"]

1. d4 Nf6 2. Nf3 c5 3. d5 e6 4. Nc3 exd5 5. Nxd5 Nxd5 6. Qxd5 Be7 7. e4 0-0 8. Bc4 Nc6 9. Ng5 Qe8 10. 0-0 d6 11. Nf3 Bg4 12. c3 Bxf3 13. gxf3 Qd7 14. Kg2 Ne5 15. Be2 Kh8 16. Bf4 Ng6 17. Bg3 f5 18. exf5 Rxf5 19. Qe4 Raf8 20. Rfe1 Nf4+ 21. Kh1 Re5 22. Qc4 d5 23. Bxf4 dxc4 24. Bxe5 Qd5 25. Bg3 b5 26. Rad1 Qf5 27. Bf1 Bf6 28. Rd2 Bg5 29. Rde2 Bf4 30. Bg2 g5 31. Re4 Rd8 32. Re7 a5 33. Rb7 b4 34. Kg1 Rd7 35. Rb5 bxc3 36. bxc3 Qc2 37. Rxc5 Qxc3 38. Re8+ Kg7 39. Rxg5+ Bxg5 40. Be5+ Kf7 41. Bxc3 Kxe8 42. f4 Rd1+ 43. Bf1 Bxf4 44. Kg2 Rd5 45. Kf3 Bxh2 46. Ke4 Rc5 47. f4 Kf7 48. a4 Bg1 49. Be2 h5 50. f5 h4 51. Bh5+ Kg8 52. Bg4 Bf2 53. f6 Kf7 54. Bh3 Bg3 55. Bg4 Be5 56. Bxe5 Rxe5+ 57. Kxe5 c3 58. Bf5 h3 59. Bxh3 c2 60. Bd7 c1Q 0-1